00457nam a2200181 a 4500001001300000003000900013005001700022008004100039020001000080082001400090100002600104245002800130260003800158300000800196500003500204505001000239700002600249nice12345678IN_TiNIC20260116011751.0050524s1974 enga grp 000 0 eng  ac10000a297bMAW1 aMawdoodi, S Abul Aala aIslamb the Essentials. aEnglandbIslamic Foundationc1974 a8p. aincludes index and biblioraphy2 aIndex1 aMawdoodi, S Abul Aala